Remontées mécaniques du Grand Domaine (Valmorel-St François Longchamp) - Statistiques

Statistiques générales
  • Ce quiz a été pris 9 fois
  • Le résultat moyen est 22 sur 45
Statistiques - réponses
Type de quiz Nom % Correct
TSD4 Combelouvière
100%
TSD6 Madeleine
100%
TSD6 Mottet
100%
TCD8 Pierrafort
100%
TSD6 Biollène
75%
TCD8 Celliers
75%
TKD Côte 2305
75%
TKD Côte Soleil
75%
TSD6 Frêne
75%
TKD Gollet
75%
TSF2 Lanchettes
75%
TSF4 Lauzière
75%
TSD6 Morel
75%
TSF4 Roset
75%
TKD Sources
75%
TCV15 Télébourg
75%
TKD Valette
75%
TKD Charmettes 1&2
50%
TSF4 Clochettes
50%
TSD6 Lune Bleue
50%
TKE Montolivet
50%
TCD10 Planchamp
50%
TKD Prariond
50%
TKD Riondet
50%
TKD Rocher
50%
TKE Rochette
50%
TSF4 Soleil Rouge
50%
TKD Blanchot
25%
TAPIS Bois de la Croix
25%
TKE Cheval Blanc
25%
TKE Echappeaux
25%
TKE Gelaz
25%
TKE Malatrai
25%
TSD6 Marquis
25%
TSF4 Mollaret
25%
TELECORDE Pélèves
25%
TKD Rocher Blanc
25%
TKD Sapin
25%
TKD Schuss
25%
TKE Stade 1&2
25%
TAPIS Beaudin
0%
TKF Fées
0%
TAPIS Roches Blanches
0%
TKD Slalom 1&2
0%
TKF Sucette
0%
Aucun quiz correspondant
Distribution des résultats
% des personnes avec chaque résultat
Percentile par nombre de réponses
Votre historique - résultats
Vous n’avez pas pris ce quiz